Đạo đức trong kinh doanh

সংরক্ষণ করুন:
গ্রন্থ-পঞ্জীর বিবরন
প্রধান লেখক: Henderson, Verne E.
বিন্যাস: গ্রন্থ
ভাষা:Undetermined
প্রকাশিত: Hà Nội Văn hóa 1996
বিষয়গুলি:
ট্যাগগুলো: ট্যাগ যুক্ত করুন
কোনো ট্যাগ নেই, প্রথমজন হিসাবে ট্যাগ করুন!
Thư viện lưu trữ: Trung tâm Học liệu Trường Đại học Cần Thơ
LEADER 00500nam a2200193Ia 4500
001 CTU_154531
008 210402s9999 xx 000 0 und d
020 |c 28500 
082 |a 174 
082 |b H496 
100 |a Henderson, Verne E. 
245 0 |a Đạo đức trong kinh doanh 
245 0 |c Verne E. Henderson 
260 |a Hà Nội 
260 |b Văn hóa 
260 |c 1996 
650 |a Business ethics 
904 |i Giang 
980 |a Trung tâm Học liệu Trường Đại học Cần Thơ